00290nam a2200133Ia 4500100002500000650001000025366000700035654002200042245003500064260002200099082001500121300000800136546001200144 aMasters/Jon/ Blum/R  aLinux f20 alinux programming aProfessional Linux programming bWiley Indiac2007 a5.133bMAS a465 aENGLISH